Missing Word: 'The Butler' Cast Quiz Stats

Quiz Updated Apr 15, 2015

Challenge
Share
Tweet
Embed
Score 0/24 Timer 03:00
0 Plays Today
Actor Missing Word % Correct
Oprah Winfrey
Gloria Gaines
Web
97.5%
Cuba Gooding, Jr.
Carter Wilson
Good
96.4%
Oprah Winfrey
Gloria Gaines
Color
95.8%
Forest Whitaker
Cecil Gaines
Morning
95.6%
Cuba Gooding, Jr.
Carter Wilson
Few
95.5%
Jane Fonda
Nancy Reagan
Jane
92.5%
John Cusack
Richard Nixon
Stand
91.9%
Cuba Gooding, Jr.
Carter Wilson
Jerry
90.4%
John Cusack
Richard Nixon
Candles
89.8%
Oprah Winfrey
Gloria Gaines
Princess
88.6%
Terrence Howard
Howard
Man
88.4%
Forest Whitaker
Cecil Gaines
Game
83.1%
Actor Missing Word % Correct
Forest Whitaker
Cecil Gaines
Body
81.9%
John Cusack
Richard Nixon
Malkovich
79.9%
Jane Fonda
Nancy Reagan
Golden
76.3%
Jane Fonda
Nancy Reagan
Monster
69.9%
Forest Whitaker
Cecil Gaines
Scotland
68.9%
Terrence Howard
Howard
Company
59.7%
Terrence Howard
Howard
Rich
58%
Oprah Winfrey
Gloria Gaines
Movie
55.7%
John Cusack
Richard Nixon
Out
53.7%
Cuba Gooding, Jr.
Carter Wilson
Honor
51.2%
Jane Fonda
Nancy Reagan
Coming
40.8%
Terrence Howard
Howard
Best
5.3%

Today's Daily Dose

You're not logged in!

Compare scores with friends on all Sporcle quizzes.
Join for Free
OR
Log In

You Might Also Like...

Show Comments

Extras

Top Quizzes Today


Score Distribution

Your Account Isn't Verified!

In order to create a playlist on Sporcle, you need to verify the email address you used during registration. Go to your Sporcle Settings to finish the process.

Report this User

Report this user for behavior that violates our Community Guidelines.

Details: